How Rembrandt reveals your beautiful, imperfect self : (Record no. 23886)
[ view plain ]
| 000 -LEADER | |
|---|---|
| fixed length control field | 02547cam a22003614a 4500 |
| 001 - CONTROL NUMBER | |
| control field | 13748926 |
| 005 - DATE AND TIME OF LATEST TRANSACTION | |
| control field | 20170127113501.0 |
| 008 - FIXED-LENGTH DATA ELEMENTS--GENERAL INFORMATION | |
| fixed length control field | 041012s2005 nyua b 000 0deng |
| 010 ## - LIBRARY OF CONGRESS CONTROL NUMBER | |
| LC control number | 2004024126 |
| 020 ## - INTERNATIONAL STANDARD BOOK NUMBER | |
| International Standard Book Number | 1400082293 |
| 040 ## - CATALOGING SOURCE | |
| Original cataloging agency | DLC |
| Transcribing agency | DLC |
| Modifying agency | DLC |
| 042 ## - AUTHENTICATION CODE | |
| Authentication code | pcc |
| 050 00 - LIBRARY OF CONGRESS CALL NUMBER | |
| Classification number | ND653.R4 |
| Item number | H68 2005 |
| 100 1# - MAIN ENTRY--PERSONAL NAME | |
| Personal name | Housden, Roger. |
| 245 10 - TITLE STATEMENT | |
| Title | How Rembrandt reveals your beautiful, imperfect self : |
| Remainder of title | life lessons from the master / |
| Statement of responsibility, etc. | Roger Housden. |
| 250 ## - EDITION STATEMENT | |
| Edition statement | 1st ed. |
| 260 ## - PUBLICATION, DISTRIBUTION, ETC. (IMPRINT) | |
| Place of publication, distribution, etc. | New York : |
| Name of publisher, distributor, etc. | Harmony Books, |
| Date of publication, distribution, etc. | 2005. |
| 300 ## - PHYSICAL DESCRIPTION | |
| Extent | 239 p. : |
| Other physical details | ill. ; |
| Dimensions | 21 cm. |
| 504 ## - BIBLIOGRAPHY, ETC. NOTE | |
| Bibliography, etc | Includes bibliographical references (p. 231-234). |
| 505 0# - FORMATTED CONTENTS NOTE | |
| Formatted contents note | Prologue: Why Rembrandt really matters -- Lesson one: Open your eyes. Look in the mirror -- Follow your calling -- The multitude you call yourself -- The art of double vision -- The long, slow look -- Lesson two: Love this world. The smell of success -- The good life -- Claiming your lineage -- For the love of woman -- The feeling for others -- Lesson three: Troubles will come. The flower fades -- A troubling masterpiece -- Trials of the heart -- Losing it all -- It's not over yet -- Lesson four: Stand like a tree. The true taste of yourself -- Giving yourself completely -- Lesson five: Keep the faith. Trust your own way -- The light in the dark -- We are not alone -- Love leads to forgiveness -- Saints and sinners -- The sanctity of human love -- Lesson six: Embrace the inevitable. Age will come -- Smile. |
| 600 00 - SUBJECT ADDED ENTRY--PERSONAL NAME | |
| Personal name | Rembrandt Harmenszoon van Rijn, |
| Dates associated with a name | 1606-1669 |
| Form subdivision | Self-portraits. |
| 600 00 - SUBJECT ADDED ENTRY--PERSONAL NAME | |
| Personal name | Rembrandt Harmenszoon van Rijn, |
| Dates associated with a name | 1606-1669 |
| General subdivision | Criticism and interpretation. |
| 650 #0 - SUBJECT ADDED ENTRY--TOPICAL TERM | |
| Topical term or geographic name as entry element | Self-portraits |
| General subdivision | Psychological aspects. |
| 700 0# - ADDED ENTRY--PERSONAL NAME | |
| Personal name | Rembrandt Harmenszoon van Rijn, |
| Dates associated with a name | 1606-1669. |
| 856 41 - ELECTRONIC LOCATION AND ACCESS | |
| Materials specified | Table of contents only |
| Uniform Resource Identifier | <a href="http://www.loc.gov/catdir/toc/ecip052/2004024126.html">http://www.loc.gov/catdir/toc/ecip052/2004024126.html</a> |
| 856 42 - ELECTRONIC LOCATION AND ACCESS | |
| Materials specified | Contributor biographical information |
| Uniform Resource Identifier | <a href="http://www.loc.gov/catdir/enhancements/fy0617/2004024126-b.html">http://www.loc.gov/catdir/enhancements/fy0617/2004024126-b.html</a> |
| 856 42 - ELECTRONIC LOCATION AND ACCESS | |
| Materials specified | Publisher description |
| Uniform Resource Identifier | <a href="http://www.loc.gov/catdir/enhancements/fy0617/2004024126-d.html">http://www.loc.gov/catdir/enhancements/fy0617/2004024126-d.html</a> |
| 856 41 - ELECTRONIC LOCATION AND ACCESS | |
| Materials specified | Sample text |
| Uniform Resource Identifier | <a href="http://www.loc.gov/catdir/enhancements/fy0617/2004024126-s.html">http://www.loc.gov/catdir/enhancements/fy0617/2004024126-s.html</a> |
| 906 ## - LOCAL DATA ELEMENT F, LDF (RLIN) | |
| a | 7 |
| b | cbc |
| c | orignew |
| d | 1 |
| e | ecip |
| f | 20 |
| g | y-gencatlg |
| 942 ## - ADDED ENTRY ELEMENTS (KOHA) | |
| Source of classification or shelving scheme | |
| Koha item type | Hard Covered Materials |
| Classification part | ND 653 .R4H68 2005 |
No items available.